000 01042cam a2200289 4500
008 000000n2000 000 0 eng u
020 _a1899769781
035 _a(Sirsi) u110691
050 _a332.6324
100 _aDixon, Tim
110 _aCollege of Estate Management
_9400
245 _aOccupational futures? Real estate refinancing and restructuring.
260 _aReading
_bCollege of Estate Management
_c2000
300 _ax,98p. ; 30cm.
350 _a35.00
520 _aResearch, sponsored by Jones Lang LaSalle Educational Trust, which investigated a range of alternative funding and management arrangements to align the interests of corporate occupiers and the investment market.
650 _aCORPORATE REAL ESTATE
650 _aBENCHMARKING
650 _aRISK MANAGEMENT
650 _aPROPERTY FINANCE
650 _aPFI
690 _aPROPERTY-COMMERCIAL PROPERTY-COMMERCIAL PROPERTY FINANCE AND INVESTMENT
700 _aPottinger, Gaye
700 _aMarston, A.
700 _aBeard, Maurice
942 _n0
999 _c101125
_d101125